00927 2200337 4500001002100000005001500021035002000036007000300056008004100059020002200100082001800122084002400140100001900164245010600183260007800289300003600367700001100403700002000414250001100434500001400445650002700459990001100486990001100497990001100508990001100519990001100530990001200541990001200553990001200565990001200577INLIS00000000000517620241126121024 a0010-0120000261ta241126 g 1 ind  a978-979-19634-8-0 aR.398.209.598 aR.398.209.598 AKH k0 aAKHMAD, Elvian1 aKumpulan Cerita Rakyat Kera & Lutung Berebut Kelekak /cAkhmad Elvian, Suhada; editor, Willy Siswanto aPangkalpinang :bDinas Kebudayaan, Pariwisata, Pemuda dan Olahraga,c2014 axv, 134 hal. :bilus. ;c21 cm.0 aSUHADA0 aWILLY, Siswanto acet. 2 aGlosarium 4aKUMPULAN CERITA RAKYAT a4031 a a4031 b a4031 c a4031 d a4031 e a12364 a a12364 b a12364 c a12364 d